| 000 | 00820nam a22002297a 4500 | ||
|---|---|---|---|
| 005 | 2010080704544.0 | ||
| 010 | _aENG-98847 | ||
| 020 |
_a9789380336008 _c125.00 |
||
| 035 | _aEN-82379 | ||
| 037 | _bDBAD/PUB | ||
| 082 | _a304.230954 | ||
| 245 |
_aExploring Asia-pacific : _bcollection of essays on environmental history / _cedited by Lipi Ghosh |
||
| 260 |
_aKolkata _bMaha Bodhi Book Agency _c2010 |
||
| 270 |
_a4A, Bankim Chaterjee Street _bKolkata _e700073 |
||
| 300 |
_a67p. _c22cm (pbk) |
||
| 650 |
_aHuman Ecology _98828 |
||
| 650 | _zIndia | ||
| 650 |
_zSouth Asia _98829 |
||
| 700 |
_aGhosh, Lipi _98830 |
||
| 942 |
_2ddc _cEN _h304.230954 _mEXP |
||
| 999 |
_c40169 _d40169 |
||